书目信息 |
| 题名: |
财务管理新探索
|
|
| 作者: | 张如意 著 | |
| 分册: | ||
| 出版信息: | 北京 经济管理出版社 2024.10 |
|
| 页数: | 205页 | |
| 开本: | 24cm | |
| 丛书名: | ||
| 单 册: | ||
| 中图分类: | F275 | |
| 科图分类: | ||
| 主题词: | 财务管理 | |
| 电子资源: | ||
| ISBN: | 978-7-5096-9858-7 | |
| 000 | 00869nam0 2200229 450 | |
| 001 | 012965636 | |
| 005 | 20251022174907.73 | |
| 010 | @a978-7-5096-9858-7@dCNY88.00 | |
| 100 | @a20241231d2024 em y0chiy0120 ea | |
| 101 | 0 | @achi |
| 102 | @aCN@b110000 | |
| 105 | @ay z 000yy | |
| 106 | @ar | |
| 200 | 1 | @a财务管理新探索@9cai wu guan li xin tan suo@f张如意著 |
| 210 | @a北京@c经济管理出版社@d2024.10 | |
| 215 | @a205页@d24cm | |
| 330 | @a本书分为九章,内容包括:财务管理理论与实践演变、数字化技术与财务管理创新、可持续发展与财务管理实践、全球化与国际财务管理挑战、金融安全与风险管理实践、战略财务管理与企业发展、财务分析与绩效评估体系、人力资源管理与财务效益关系、特定行业财务管理实践。 | |
| 606 | 0 | @a财务管理 |
| 690 | @aF275@v5 | |
| 701 | 0 | @a张如意@9zhang ru yi@c(女,@f1979.9-)@4著 |
| 801 | 0 | @aCN@c20250910 |
| 905 | @a河南城建学院图书馆@dF275@eZ158@ZZ158@f1 | |
| 财务管理新探索/张如意著.-北京:经济管理出版社,2024.10 |
| 205页;24cm |
| ISBN 978-7-5096-9858-7:CNY88.00 |
| 本书分为九章,内容包括:财务管理理论与实践演变、数字化技术与财务管理创新、可持续发展与财务管理实践、全球化与国际财务管理挑战、金融安全与风险管理实践、战略财务管理与企业发展、财务分析与绩效评估体系、人力资源管理与财务效益关系、特定行业财务管理实践。 |
| ● |
| 相关链接 |
|
|
|
正题名:财务管理新探索
索取号:F275/Z158
 
预约/预借
| 序号 | 登录号 | 条形码 | 馆藏地/架位号 | 状态 | 备注 |
| 1 | 1635321 | 216353210 | 社科库409/409社科库 95排1列1层/ [索取号:F275/Z158] | 在馆 |